EVROPSKÁ BEZPEČNOSTNÍ STRATEGIE

Bibliographic Details
Main Author: Eichler, Jan, 1952- (Author)
Format: Article
Language:Slovak

MARC

LEADER 00000nab a2200000uu 4500
001 vtls011135585
003 SK-MaSNL
005 20260303151008.0
008 230222|2011 xo |||||||||||||||||slo|
015 |a SNBRB 
035 |a (urnnbn)urn:nbn:sk:snk:ar-0074mh 
035 |a (uuid)f4ab4221-b4bc-4236-9505-ec43b3eb9b26 
035 |a urn:nbn:sk:snk-abaomd 
040 |a SNKBUCL  |b slo  |c SNKBUCL  |e AACR2 
041 0 |a slo 
044 |a xo  |c SK 
100 1 |a Eichler, Jan,  |d 1952-  |4 aut  |9 108764 
245 1 0 |a EVROPSKÁ BEZPEČNOSTNÍ STRATEGIE  |c Jan Eichler 
773 0 |t Vedecký obzor : časopis Stredoeurópskej vysokej školy v Skalici  |g Roč. 3, č. 2 (2011), s. 22-40 
954 |a odborná, vedecká literatúra pôvodná (slovenská)  |2 lita 
958 |a OND 
958 |a EUIPO 
958 |a article14 
999 |c 2015151  |d 2017081